000 00429nam a2200133Ia 4500
005 20251222141900.0
008 251222s9999||||xx |||||||||||||| ||spa||
020 _a978-612-4118-91-3
082 _a657.021.8/A93C
100 _aAyala Zavala, Pascual
245 0 _aComentarios y Aplicación Práctica de las Normas Internacionales de Información Financiera (NIIF, NIC, CINIIF y SIC)
264 _bInstituto Pacifíco
942 _cLIB
999 _c8032
_d8032